Los pasos perdidos
Saved in:
| Hovedforfatter: | |
|---|---|
| Format: | Bog |
| Sprog: | spansk |
| Udgivet: |
Ciudad de México
Compañía General de Ediciones
1967
|
| Udgivelse: | 4a. ed |
| Serier: | Colección Ideas Letras y Vida
|
| Fag: | |
| Tags: |
Tilføj Tag
Ingen Tags, Vær først til at tagge denne postø!
|
MARC
| LEADER | 00000nam a2200000 a 4500 | ||
|---|---|---|---|
| 001 | UCX5691 | ||
| 003 | CL-VaPUC | ||
| 008 | 930108e19670000MX |||||||||||||||||spa|d | ||
| 082 | 0 | 4 | |a Cu863 |b CAR |2 21 |
| 100 | 0 | |a Carpentier, Alejo |e author |9 317536 | |
| 245 | 1 | 4 | |a Los pasos perdidos |
| 250 | |a 4a. ed | ||
| 300 | |a 288 p | ||
| 942 | |c BK | ||
| 945 | |d 19930108 00:00:00 | ||
| 260 | |a Ciudad de México |b Compañía General de Ediciones |c 1967 | ||
| 650 | 0 | |a Novelas cubanas |9 268276 | |
| 583 | |a last modification |c 20160520 16:16:25 |k Rodrigo Vera | ||
| 490 | 0 | |a Colección Ideas Letras y Vida | |
| 999 | |c 225887 |d 225885 | ||
| 952 | |0 0 |1 0 |4 0 |6 CU_863_000000000000000_CAR_1967 |7 0 |8 R |9 223794 |a BIBEDU |b BIBEDU |c MCIRC |d 2019-11-15 |i 2926245 |o Cu863 CAR 1967 |p 2926245 |r 2023-01-13 |w 2019-11-15 |y BK_R |k LIT | ||